Score 0/26 Timer 02:00
1 Play Today
Picture Missing Word % Correct
___ Dollar BabyMillion
97.6%
Schindler's ___List
97.2%
One ___ over the Cuckoo's NestFlew
91.3%
The ___ of MusicSound
90.1%
No ___ for Old MenCountry
89.5%
___ with WolvesDances
87.7%
Chariots of ___Fire
86.8%
The ___ LockerHurt
86.1%
Rain ___Man
85.3%
Lawrence of ___Arabia
83.1%
All Quiet on the ___ FrontWestern
81.4%
In the ___ of the NightHeat
67%
You Can't ___ It with YouTake
64%
Picture Missing Word % Correct
Ordinary ___People
61.9%
The ___ EmperorLast
59.4%
From Here to ___Eternity
57.9%
The ___ ConnectionFrench
57.6%
Out of ___Africa
55.9%
___ HallAnnie
55.8%
Mutiny on the ___Bounty
53.8%
___ in LoveShakespeare
45.8%
The ___ of Emile ZolaLife
36.7%
___ CowboyMidnight
36.2%
How ___ Was My ValleyGreen
35.8%
The ___ WeekendLost
33.3%
___ HotelGrand
13.2%

Today's Daily Dose

Remove Ads.
Support Sporcle.
Get the best of Sporcle when you Go Orange. This ad-free experience offers more features, more stats, and more fun while also helping to support Sporcle. Thank you for becoming a member.

You're not logged in!

Compare scores with friends on all Sporcle quizzes.
OR
Log In

Show Comments

Extras

Top Quizzes Today


Score Distribution

Your Account Isn't Verified!

In order to create a playlist on Sporcle, you need to verify the email address you used during registration. Go to your Sporcle Settings to finish the process.

Report this User

Report this user for behavior that violates our Community Guidelines.

Details: